Trattato delle malattie intestinali / (Record no. 139940)

MARC details
000 -LEADER
campo de control de longitud fija 00550nam a2200169 4500
001 - NÚMERO DE CONTROL
campo de control 139940
003 - IDENTIFICADOR DE NÚMERO DE CONTROL
campo de control ES-MaACL
005 - FECHA Y HORA DE LA ÚLTIMA TRANSACCIÓN
campo de control 20230906195943.0
007 - CAMPO FIJO DE DESCRIPCIÓN FÍSICA--INFORMACIÓN GENERAL
campo de control de longitud fija t|
008 - DATOS DE LONGITUD FIJA--INFORMACIÓN GENERAL
campo de control de longitud fija 070214s1915 it r ||||1| ita d
100 1# - ENTRADA PRINCIPAL--NOMBRE DE PERSONA
Nombre de persona Schmidt, Adolf.
9 (RLIN) 104460
245 10 - MENCIÓN DEL TÍTULO
Título Trattato delle malattie intestinali /
Mención de responsabilidad, etc. A. Schmidt ; traduzione del Dott. Giacomo Feldmann.
260 ## - PUBLICACIÓN, DISTRIBUCIÓN, ETC.
Lugar de publicación, distribución, etc. Milano :
Nombre del editor, distribuidor, etc. Societáa Editrice Libraria,
Fecha de publicación, distribución, etc. 1915 (
Fabricante Tip. Indinpendenza)
300 ## - DESCRIPCIÓN FÍSICA
Extensión XVIII, 902 p. ;
Dimensiones 25 x 16 cm.
700 1# - ENTRADA AGREGADA--NOMBRE PERSONAL
Nombre de persona Feldmann, Giacomo.
9 (RLIN) 49150
852 ## - LOCALIZACIÓN
Ubicación ES-MaACL
Número de control de estantería B-12685
Holdings
Estatus retirado Estado de pérdida Estado de daño No para préstamo Biblioteca de origen Biblioteca actual Ubicación en estantería Fecha de adquisición Fuente de adquisición Total de préstamos Signatura topográfica completa Código de barras Visto por última vez Precio de reemplazo Tipo de ítem Koha
        Biblioteca del Ateneo de Madrid Biblioteca del Ateneo de Madrid Sala Pardo Bazán 17/01/2008     B-12685 1145624 23/02/2023 23/02/2023 Libro impreso